000 005690000a22001810004500
003 MACL
005 20160413172540.0
008 160413b xxu||||| |||| 00| 0 eng d
040 _aMACL
_cMACL
041 _aHindi
082 _a500
100 _aडेविड ओ वुडबरी
_952347
245 _aनवीन विज्ञान 1001 प्रशन और उत्‍तर
260 _bआत्‍माराम एण्‍ड संस
_c1997
_aदिल्‍ली
350 _a200
650 _aPure Sci.
_940184
942 _cHIN
_k500
_2ddc
999 _c12241
_d12241